| 000 | 00575nam a2200241Ia 4500 | ||
|---|---|---|---|
| 008 | 210210b2005 xxu||||| |||| 00| 0 eng d | ||
| 020 | _a0195676025 | ||
| 041 | _aeng | ||
| 082 | _a591.0724 DAVB | ||
| 100 | _aDAVIS (J M) Ed | ||
| 245 | _aBasic cell culture: a practical approach Ed 2 | ||
| 250 | _a | ||
| 260 |
_aNew Delhi _bOxford University Press _c2005 |
||
| 300 | _axxv,381 | ||
| 650 | _apractical | ||
| 650 | _aculture: | ||
| 650 | _acell | ||
| 650 | _aBasic | ||
| 650 | _aapproach | ||
| 650 | _aa | ||
| 690 | _aAnimal Biotechnology | ||
| 906 | _a062559 | ||
| 999 |
_c117669 _d117669 |
||